Journal of Financial Research

Detalles Bibliográficos
Formato: eBook
Lenguaje:inglés
Publicado: Hoboken: Wiley, 1978 -
Materias:
Acceso en línea:Acceso restringido

MARC

LEADER 00000nam a22000007a 4500
005 20210329212630.0
007 cr|||| ||||
008 210329c19789999us ar|w s|||| 0|||b1eng d
022 |a 0270-2592 
035 |a 32894 
040 |a vLex 
090 |c 11379  |d 11379 
245 0 0 |a Journal of Financial Research  |h [Recurso electrn̤ico] / 
256 |a Servicio en ln̕ea 
260 |a Hoboken:  |b Wiley,  |c 1978 -  
300 |a 1 recurso electrn̤ico 
310 |a Anual 
362 |a Nð 1-1 (Dic. 1978) - 
506 1 |a Disponible solo en los productos indicados  |d vLex Global  |d vLex Global (Academic Edition, excluding Law Schools)  |d vLex Global (Academic Edition, Law Schools) 
650 0 4 |a Derecho Pb︢lico y Administrativo  |z Estados Unidos 
650 0 4 |a Derecho Fiscal  |z Estados Unidos 
740 0 |a vLex Revistas (Servicio en ln̕ea) 
856 4 0 |u https://vlex.com/source/32894  |z Acceso restringido 
942 |c REV 
999 0 |a Public and Administrative Law 
999 0 |a Tax Law